Ernest Špitz : výstava v Mestskej galérii v Bratislave.

Saved in:
Bibliographic Details
Format: Book
Language:Slovak
Published: Bratislava : SFVU, 1967.
Edition:1. vyd.
ISBN: (brož.)
Physical Description: nestr.
Tags: Add Tag
No Tags, Be the first to tag this record!

MARC

LEADER 00000nam a22000004a 4500
001 000445430
005 20131128190832.0
008 131128s1967 xo e 000 0 slo d
020 |a (brož.) 
040 |a SVKKK  |b slo  |c SVKKK  |e AACR2 
041 0 |a slo 
044 |a xo  |c SK 
245 1 0 |a Ernest Špitz :  |b výstava v Mestskej galérii v Bratislave. 
250 |a 1. vyd. 
260 |a Bratislava :  |b SFVU,  |c 1967. 
300 |a nestr. 
910 |a svkkk 
998 |a BK 
090 |g SCKHL  |k Sklad Hlavná 10 suterén  |a I.32971  |j 391505  |i 2720636356  |s Absenčne